A thousand splendid suns / (Record no. 5119)

MARC details
000 -LEADER
fixed length control field 00911cam a2200253 4500
001 - CONTROL NUMBER
control field 6063
003 - CONTROL NUMBER IDENTIFIER
control field OCoLC
005 - DATE AND TIME OF LATEST TRANSACTION
control field 20181127180819.0
010 ## - LIBRARY OF CONGRESS CONTROL NUMBER
LC control number 2007008679
020 ## - INTERNATIONAL STANDARD BOOK NUMBER
International Standard Book Number 9781594483851
100 1# - MAIN ENTRY--PERSONAL NAME
Personal name Hosseini, Khaled.
245 12 - TITLE STATEMENT
Title A thousand splendid suns /
Statement of responsibility, etc. Khaled Hosseini.
246 31 - VARYING FORM OF TITLE
Title proper/short title 1000 splendid suns
260 ## - PUBLICATION, DISTRIBUTION, ETC.
Place of publication, distribution, etc. New York :
Name of publisher, distributor, etc. Riverhead Books,
Date of publication, distribution, etc. 2007.
300 ## - PHYSICAL DESCRIPTION
Extent 372 p. ;
Dimensions 24 cm.
520 ## - SUMMARY, ETC.
Summary, etc. Mariam and Laila are born a generation apart but are are brought together by war and fate. Together they endure the dangers surrounding them and discover the power of both love and sacrifice.
650 #0 - SUBJECT ADDED ENTRY--TOPICAL TERM
Topical term or geographic name entry element Arranged marriage
Form subdivision Fiction.
Topical term or geographic name entry element Families
Geographic subdivision Afghanistan
Form subdivision Fiction.
Topical term or geographic name entry element Self-sacrifice
Form subdivision Fiction.
Topical term or geographic name entry element War
Geographic subdivision Afghanistan
Form subdivision Fiction.
651 #0 - SUBJECT ADDED ENTRY--GEOGRAPHIC NAME
Geographic name Afghanistan
Form subdivision Fiction.
Geographic name Afghanistan
General subdivision Social conditions
Form subdivision Fiction.
Holdings
Withdrawn status Lost status Source of classification or shelving scheme Damaged status Not for loan Collection code Home library Current library Shelving location Date acquired Serial Enumeration / chronology Inventory number Total Checkouts Total Renewals Full call number Barcode Date last seen Date last checked out Price effective from Koha item type
    Dewey Decimal Classification     Fiction RTC Library RTC Library Fiction 01/03/2021 9615 17 19 FIC 813.54 HOS 30008352 17/10/2025 05/09/2024 27/11/2018 Fiction
Royal Thimphu College || All Right Reserved